miasta poza II RP, w których Polacy stanowili większość - Statystyki

Ogólne statystyki
  • Ten quiz został rozwiązany 117 razy
    112 od ostatniego zresetowania
  • Średni wynik to 2 z 7
Statystyki odpowiedzi
państwo miasto % Poprawnych
Litwa Kowno
91%
Niemcy Bytom
44%
Niemcy Zabrze
38%
Czechosłowacja Karwina
15%
ZSRR Płoskirów
3%
Niemcy Ostróda
2%
Niemcy Strzelce Opolskie
2%
Nie znaleziono quizów pasujących do podanych kryteriów
Rozkład punktacji
Procent ludzi z każdym wynikiem
Percentyl według liczby udzielonych odpowiedzi
Twoja historia wyników
Nie rozwiązałeś tego quizu od ostatniego zresetowania